000 00335nam a2200157Ia 4500
003 OSt
005 20240312102408.0
008 170523s9999 xx 000 0 und d
020 _a978-8120311268
040 _ciimtu meerut
100 _aPANDEY- IM
245 0 _aVENTURE CAPITAL
260 _bPHI
260 _c2003
942 _2ddc
_c02
999 _c1488
_d1488